I won't give you a legup, mr death / (Record no. 139674)

MARC details
000 -LEADER
fixed length control field 00516nam a22001817a 4500
005 - DATE AND TIME OF LATEST TRANSACTION
control field 20170509142837.0
010 ## - LCCN (DPL NO)
LC control number ENG-118096
020 ## - INTERNATIONAL STANDARD BOOK NUMBER
International Standard Book Number 9789382711896
Terms of availability 295.00
035 ## - SYSTEM CONTROL NUMBER
System control number EN-101628
037 ## - SOURCE OF ACQUISITION
Source of stock number/acquisition DBAD/PUB
082 ## - DEWEY DECIMAL CLASSIFICATION NUMBER
Classification number N
100 ## - MAIN ENTRY--PERSONAL NAME
Personal name Sengupta, Arunabha
245 ## - TITLE STATEMENT
Title I won't give you a legup, mr death /
Statement of responsibility, etc by Arunabha Sengupta
260 ## - PUBLICATION, DISTRIBUTION, ETC. (IMPRINT)
Place of publication, distribution, etc New Delhi
Name of publisher, distributor, etc Vitasta Publishing
Date of publication, distribution, etc 2015
270 ## - ADDRESS
Address 2/15, Ansari Road, Daryaganj New Daryaganj-110002
300 ## - PHYSICAL DESCRIPTION
Extent 254p
Dimensions 21cm.(pbk)
942 ## - ADDED ENTRY ELEMENTS (KOHA)
Source of classification or shelving scheme Dewey Decimal Classification
Item type English Books
Classification part n
Call number suffix SEN

No items available.


© Delhi Public Library
Hit Counter
free hit counter